Estimates of recurrent expenditure of the government of Kenya for the year ending ... / (Record no. 14797)
[ view plain ]
| 000 -LEADER | |
|---|---|
| fixed length control field | 01368cas a22003131 4500 |
| 001 - CONTROL NUMBER | |
| control field | 0000013290 |
| 005 - DATE AND TIME OF LATEST TRANSACTION | |
| control field | 20151217160929.0 |
| 008 - FIXED-LENGTH DATA ELEMENTS--GENERAL INFORMATION | |
| fixed length control field | 090830c xxur p 0 0eng d |
| 040 ## - CATALOGING SOURCE | |
| Original cataloging agency | KABU |
| Transcribing agency | KABU |
| 110 2# - MAIN ENTRY--CORPORATE NAME | |
| Corporate name or jurisdiction name as entry element | Kenya. |
| -- | 0000150215 |
| 245 00 - TITLE STATEMENT | |
| Title | Estimates of recurrent expenditure of the government of Kenya for the year ending ... / |
| Statement of responsibility, etc. | Kenya. |
| 260 ## - PUBLICATION, DISTRIBUTION, ETC. (IMPRINT) | |
| Place of publication, distribution, etc. | Nairobi : |
| Name of publisher, distributor, etc. | Government of Kenya, |
| Date of publication, distribution, etc. | 1963 -. |
| 300 ## - PHYSICAL DESCRIPTION | |
| Extent | v : |
| Other physical details | ill. |
| 310 ## - CURRENT PUBLICATION FREQUENCY | |
| Current publication frequency | Annual, |
| 500 ## - GENERAL NOTE | |
| General note | Library has: 2006/2007, 2008/2009. |
| 515 ## - NUMBERING PECULIARITIES NOTE | |
| Numbering peculiarities note | Report year ends 30th June. |
| 515 ## - NUMBERING PECULIARITIES NOTE | |
| Numbering peculiarities note | Issues for 1991/1992 - in 2 or 3 vols. |
| 650 #0 - SUBJECT ADDED ENTRY--TOPICAL TERM | |
| Topical term or geographic name as entry element | National budgets |
| General subdivision | Periodicals. |
| Geographic subdivision | Kenya. |
| -- | 0000170472 |
| 650 #0 - SUBJECT ADDED ENTRY--TOPICAL TERM | |
| Topical term or geographic name as entry element | Public finance |
| General subdivision | Periodicals. |
| Geographic subdivision | Kenya. |
| -- | 0000170473 |
| 651 #0 - SUBJECT ADDED ENTRY--GEOGRAPHIC NAME | |
| Geographic name | Kenya |
| Form subdivision | Periodicals |
| General subdivision | Appropriation and expenditure. |
| -- | 0000170474 |
| 852 1# - LOCATION | |
| -- | p1200 KES |
| 852 1# - LOCATION | |
| -- | p1200 KES |
| 852 1# - LOCATION | |
| -- | p1200 KES |
| 852 1# - LOCATION | |
| -- | p1200 KES |
| 852 1# - LOCATION | |
| -- | p1200 KES |
| 852 1# - LOCATION | |
| -- | p1200 KES |
| 908 ## - PUT COMMAND PARAMETER (RLIN) | |
| Put command parameter | 090830 |
| 950 ## - LOCAL HOLDINGS (RLIN) | |
| -- | 1 |
| Withdrawn status | Lost status | Source of classification or shelving scheme | Not for loan | Home library | Current library | Date acquired | Total Checkouts | Full call number | Barcode | Date last seen | Price effective from | Koha item type |
|---|---|---|---|---|---|---|---|---|---|---|---|---|
| Library of Congress Classification | Not For Loan | Kabarak, Main Campus | Kabarak, Main Campus | 17/12/2015 | HJ81.3 .A3995K46 2006 v. I c. 1 | 18007 | 17/12/2015 | 17/12/2015 | Periodicals | |||
| Library of Congress Classification | Not For Loan | Kabarak, Main Campus | Kabarak, Main Campus | 17/12/2015 | HJ81.3 .A3995K46 2006 v. II c. 1 | 18008 | 17/12/2015 | 17/12/2015 | Periodicals | |||
| Library of Congress Classification | Not For Loan | Kabarak, Main Campus | Kabarak, Main Campus | 17/12/2015 | HJ81.3 .A3995K46 2008 v. I c. 1 | 18009 | 17/12/2015 | 17/12/2015 | Periodicals | |||
| Library of Congress Classification | Not For Loan | Kabarak, Main Campus | Kabarak, Main Campus | 17/12/2015 | HJ81.3 .A3995K46 2008 v. IIa c. 1 | 18010 | 17/12/2015 | 17/12/2015 | Periodicals | |||
| Library of Congress Classification | Not For Loan | Kabarak, Main Campus | Kabarak, Main Campus | 17/12/2015 | HJ81.3 .A3995K46 2008 v. IIb c. 1 | 18011 | 17/12/2015 | 17/12/2015 | Periodicals | |||
| Library of Congress Classification | Not For Loan | Kabarak, Main Campus | Kabarak, Main Campus | 17/12/2015 | HJ81.3 .A3995K46 2008 v. II c. 1 | 18205 | 17/12/2015 | 17/12/2015 | Periodicals |